The new strong-willed child : (Record no. 17403)

000 -LEADER
fixed length control field 00711nam a2200229 a 4500
001 - CONTROL NUMBER
control field :::00021342$&:&@@
003 - CONTROL NUMBER IDENTIFIER
control field OkBaRHE
005 - DATE AND TIME OF LATEST TRANSACTION
control field 20100402131225.0
008 - FIXED-LENGTH DATA ELEMENTS--GENERAL INFORMATION
fixed length control field s1978 j 000 0 eng u
020 ## - INTERNATIONAL STANDARD BOOK NUMBER
International Standard Book Number 1414302819
040 ## - CATALOGING SOURCE
Transcribing agency
100 1# - MAIN ENTRY--PERSONAL NAME
Personal name Dobson, James C
245 14 - TITLE STATEMENT
Title The new strong-willed child :
Remainder of title birth through adolescence
250 ## - EDITION STATEMENT
Edition statement revised Ed
260 ## - PUBLICATION, DISTRIBUTION, ETC. (IMPRINT)
Place of publication, distribution, etc Wheaton Ill
Name of publisher, distributor, etc Tyndale House Publishers, Inc.
Date of publication, distribution, etc 1978
300 ## - PHYSICAL DESCRIPTION
Extent 219p End notes 215-219p
650 ## - SUBJECT ADDED ENTRY--TOPICAL TERM
Topical term or geographic name as entry element Child psychology.
650 ## - SUBJECT ADDED ENTRY--TOPICAL TERM
Topical term or geographic name as entry element Child rearing
650 ## - SUBJECT ADDED ENTRY--TOPICAL TERM
Topical term or geographic name as entry element Discipline of children
942 ## - ADDED ENTRY ELEMENTS (KOHA)
Source of classification or shelving scheme
Koha item type Books
Copies
Price effective from Full call number Barcode Withdrawn status Permanent Location Source of classification or shelving scheme Not for loan Date last seen Lost status Date acquired Koha item type Shelving location Copy number Damaged status
2010-04-14HQ 772 .D58 200421342 RHEMA Bible Training College  2010-04-14 2010-04-14BooksGeneral Stacks1